NBA Teams that HAVE NOT won the NBA Championship - Sudden Death - Statistics

General Stats
  • This quiz has been taken 574 times
  • The average score is 6 of 10
Answers on the Grid
Answers color-coded by a green-red scale on the quiz's grid according to % correct below.
Atlanta Hawks
Boston Celtics
Brooklyn Nets
Charlotte Hornets
Chicago Bulls
Cleveland Cavaliers
Dallas Mavericks
Denver Nuggets
Detroit Pistons
Golden State Warriors
Houston Rockets
Indiana Pacers
Los Angeles Clippers
Los Angeles Lakers
Memphis Grizzlies
Miami Heat
Milwaukee Bucks
Minnesota Timberwolves
New Orleans Pelicans
New York Knicks
Oklahoma City Thunder
Orlando Magic
Philadelphia 76ers
Phoenix Suns
Portland Trail Blazers
Sacramento Kings
San Antonio Spurs
Toronto Raptors
Utah Jazz
Washington Wizards
 
Answer Stats
Answer % Correct
Charlotte Hornets
87%
Brooklyn Nets
79%
Memphis Grizzlies
68%
Indiana Pacers
65%
New Orleans Pelicans
65%
Los Angeles Clippers
64%
Minnesota Timberwolves
60%
Orlando Magic
49%
Phoenix Suns
46%
Utah Jazz
46%
No matching quizzes found
Score Distribution
Percent of People with Each Score
Percentile by Number Answered
Your Score History
You have not taken this quiz